00682nam a2200193 i 450000100060000000300090000600500170001500700030003200800410003508000210007610000210009724500830011826000460020130000220024753000350026965000240030485200710032885600890039960317ES-MaACL20250829070517.0t|031104s1959 sp ||||1| spa d a087.5:[92:913.0]1 aEscofet, José.10aGrandes exploradores : ben la mar, en la selva y en los hielos /cJuan Cabal. aBarcelona : bJuventud, c1959 (fAtenas) a221 p. ; c23 cm. aDisponible en formato digital. 7aExploradores2embne4 aES-MaACLjC-17207cGaleríazRevisado enlace: 21 de julio de 20254 uhttp://bdh-rd.bne.es/viewer.vm?id=0000253110&page=1 yBiblioteca Digital Hispánica